interiors (Record no. 33136)

MARC details
000 -LEADER
fixed length control field 00442nam a22001817a 4500
005 - DATE AND TIME OF LATEST TRANSACTION
control field 20230724141555.0
008 - FIXED-LENGTH DATA ELEMENTS--GENERAL INFORMATION
fixed length control field 230724b |||||||| |||| 00| 0 eng d
020 ## - INTERNATIONAL STANDARD BOOK NUMBER
ISBN 9780072965209
082 ## - DEWEY DECIMAL CLASSIFICATION NUMBER
Classification number 729
Item number NIE-I
100 ## - MAIN ENTRY--AUTHOR
Author Name Nielsonj,Karla J.
245 ## - TITLE STATEMENT
Title interiors
Remainder of title an introduction
260 ## - PUBLICATION, DISTRIBUTION, ETC.
Place of Publication USA
Name of publisher, distributor, etc. Mc Graw Hill
Date of publication, distribution, etc. 2007
300 ## - PHYSICAL DESCRIPTION
Pages 494
500 ## - GENERAL NOTE
General note include index
650 ## - SUBJECT ADDED ENTRY--TOPICAL TERM
Subject / Department architecture
700 ## - ADDED ENTRY--PERSONAL NAME
Personal name Karla J.Nielson
952 ## - LOCATION AND ITEM INFORMATION (KOHA)
-- 0
-- 0
Holdings
Lost status Damaged status Permanent Location Current Location Shelving Location Date acquired Full Call Number Accession No./Barcode Date last seen item type
    Superior Information Resource Center (SIRC) Superior University- Main Campus Superior Information Resource Center (SIRC) Superior University- Main Campus Architecture 07/24/2023 729 NIE-I 2007 20253 07/24/2023 BOOK

Powered by Koha